[Event "URU-ch (Women) 45th"]
[Site "Montevideo"]
[Date "2023.03.19"]
[Round "5"]
[White "De Leon, Daiana"]
[Black "Fabra, Nahiara"]
[Result "1-0"]
[WhiteElo "1634"]
[BlackElo "1718"]
[PlyCount "109"]
[EventDate "2023.03.17"]
[EventType "swiss"]
[EventRounds "5"]
[EventCountry "URU"]
[SourceTitle "CBM 213 Extra"]
[Source "ChessBase"]
[SourceDate "2023.05.31"]
[SourceVersion "1"]
[SourceVersionDate "2023.05.31"]
[SourceQuality "1"]

1. d4 d5 2. c4 e6 3. Nf3 Nf6 4. g3 Be7 5. Bg2 0-0 6. 0-0 Nbd7 7. Nc3 c5 8. cxd5 exd5 9. Bf4 a6 10. Rc1 cxd4 11. Nxd4 Nc5 12. Qc2 Ne6 13. Be5 Ng4 14. Nxe6 fxe6 15. Bd4 e5 16. Bxd5+ Kh8 17. Be3 Nxe3 18. fxe3 Bc5 19. Qe4 Bh3 20. Rxf8+ Qxf8 21. Rd1 Rd8 22. Qf3 Qxf3 23. exf3 Bxe3+ 24. Kh1 b6 25. Bb7 Rxd1+ 26. Nxd1 Bd4 27. Bxa6 e4 28. Be2 Bf5 29. Kg2 e3 30. Nc3 g6 31. g4 Be6 32. Kg3 g5 33. f4 gxf4+ 34. Kxf4 Bd7 35. Nd1 Kg7 36. b3 Kf6 37. g5+ Kg6 38. h4 Bf5 39. h5+ Kg7 40. Kxf5 Bc5 41. Ke4 Be7 42. Nxe3 Bxg5 43. Nd5 Bd8 44. Kd4 Kf7 45. Bg4 Kg7 46. Kc4 Kh6 47. Kb5 Kg5 48. Bd1 Kf5 49. Nxb6 Ke5 50. a4 Kd6 51. a5 Kc7 52. a6 Kb8 53. Bf3 Ka7 54. Nc8+ Kb8 55. a7+ 1-0

[Event "URU-ch (Women) 45th"]
[Site "Montevideo"]
[Date "2023.03.18"]
[Round "3"]
[White "Larrea, Daniela"]
[Black "De Leon, Daiana"]
[Result "0-1"]
[WhiteElo "1686"]
[BlackElo "1634"]
[PlyCount "76"]
[EventDate "2023.03.17"]
[EventType "swiss"]
[EventRounds "5"]
[EventCountry "URU"]
[SourceTitle "CBM 213 Extra"]
[Source "ChessBase"]
[SourceDate "2023.05.31"]
[SourceVersion "1"]
[SourceVersionDate "2023.05.31"]
[SourceQuality "1"]

1. e4 c6 2. d4 d5 3. e5 c5 4. dxc5 Nc6 5. Bb5 Bf5 6. Bxc6+ bxc6 7. c3 e6 8. Be3 Qc7 9. Nf3 Ne7 10. 0-0 Bg4 11. Bd4 Ng6 12. Re1 Be7 13. h3 Bxf3 14. Qxf3 Bg5 15. g3 0-0 16. h4 Bh6 17. h5 Ne7 18. Qg4 Nf5 19. f4 Nxd4 20. cxd4 Qa5 21. Qd1 Rab8 22. Re2 Rb7 23. Nc3 Rfb8 24. Rb1 Qxc3 25. bxc3 Rxb1 26. Qxb1 Rxb1+ 27. Kf2 g6 28. hxg6 hxg6 29. Rc2 Bf8 30. g4 Be7 31. g5 Bd8 32. Ke2 Rh1 33. Kf3 Rb1 34. Ke3 Ba5 35. Kd3 Rd1+ 36. Ke2 Rh1 37. Kd3 Rh3+ 38. Kd2 Rf3 0-1

[Event "Online Olym Div2 D"]
[Site "Chess.com INT"]
[Date "2021.09.02"]
[Round "2.5"]
[White "Vidic, Teja"]
[Black "De Leon, Daiana"]
[Result "1/2-1/2"]
[WhiteElo "2172"]
[BlackElo "1601"]
[PlyCount "94"]
[EventDate "2021.09.02"]
[EventType "team (rapid)"]
[EventRounds "9"]
[EventCountry "USA"]
[SourceTitle "CBM 204 Extra"]
[Source "ChessBase"]
[SourceDate "2021.11.30"]
[SourceVersion "1"]
[SourceVersionDate "2021.11.30"]
[SourceQuality "1"]
[WhiteTeam "Slovenia"]
[BlackTeam "Uruguay"]
[WhiteTeamCountry "SLO"]
[BlackTeamCountry "URU"]

1. e4 c6 2. Nf3 d5 3. Nc3 dxe4 4. Nxe4 Bf5 5. Ng3 Bg6 6. d4 Nf6 7. h4 h6 8. h5 Bh7 9. Bd3 Bxd3 10. Qxd3 e6 11. Bf4 Nbd7 12. 0-0-0 Be7 13. Kb1 Qb6 14. Nd2 0-0 15. Nc4 Qb5 16. Ne5 Nxe5 17. dxe5 Qxd3 18. Rxd3 Nd5 19. Bd2 Rfd8 20. Rd1 Nb6 21. Bc3 Nd5 22. Bd2 Nb6 23. Ba5 Rd5 24. Bxb6 axb6 25. Rxd5 exd5 26. Nf5 Bc5 27. f4 Ra4 28. Rf1 Re4 29. Kc1 Be3+ 30. Nxe3 Rxe3 31. Kd2 Re4 32. c3 Kf8 33. g3 Ke7 34. b3 Ke6 35. Kd3 Kf5 36. c4 Kg4 37. cxd5 cxd5 38. Rc1 Kxg3 39. Rg1+ Kxf4 40. Rxg7 Kxe5 41. Rxf7 Rh4 42. Rxb7 Rxh5 43. Rxb6 Rh3+ 44. Kd2 Kd4 45. Rb4+ Kc5 46. a3 h5 47. Rb8 h4 1/2-1/2

[Event "Online Olym Div3 D"]
[Site "Chess.com INT"]
[Date "2021.08.27"]
[Round "3.4"]
[White "De Leon, Daiana"]
[Black "Ioannides Liu, Alice"]
[Result "1-0"]
[WhiteElo "1601"]
[BlackElo "1302"]
[PlyCount "119"]
[EventDate "2021.08.27"]
[EventType "team-tourn (rapid)"]
[EventRounds "9"]
[EventCountry "USA"]
[SourceTitle "CBM 204 Extra"]
[Source "ChessBase"]
[SourceDate "2021.11.30"]
[SourceVersion "1"]
[SourceVersionDate "2021.11.30"]
[SourceQuality "1"]
[WhiteTeam "Uruguay"]
[BlackTeam "Cyprus"]
[WhiteTeamCountry "URU"]
[BlackTeamCountry "CYP"]

1. d4 Nf6 2. c4 g6 3. Nc3 Bg7 4. e4 d6 5. f3 0-0 6. Be3 Nbd7 7. Qd2 c5 8. d5 Ne5 9. Be2 a6 10. a4 Qa5 11. g4 Qb4 12. Nd1 Qxd2+ 13. Bxd2 e6 14. Nc3 exd5 15. cxd5 c4 16. Bf4 Nfd7 17. Nh3 f5 18. gxf5 gxf5 19. Bg5 Nd3+ 20. Bxd3 cxd3 21. Nf2 Ne5 22. Be7 Nxf3+ 23. Kd1 Rf7 24. Bxd6 fxe4 25. Nfxe4 Bg4 26. Kc1 Bh6+ 27. Kb1 Re8 28. Ka2 Bg7 29. Rad1 Bxc3 30. Nxc3 Rd8 31. Bb4 d2 32. Ne4 Ne5 33. Rhg1 Kh8 34. Bc3 h5 35. Bxe5+ Kh7 36. Rxd2 Be6 37. Ng5+ Kh6 38. Nxf7+ Bxf7 39. Rgd1 h4 40. Kb1 b5 41. axb5 axb5 42. d6 Bg6+ 43. Kc1 Rc8+ 44. Bc3 b4 45. d7 Ra8 46. Rd6 bxc3 47. bxc3 Ra2 48. Rxg6+ Kxg6 49. d8Q Ra1+ 50. Kd2 Rxd1+ 51. Kxd1 h3 52. Ke2 Kf5 53. Kf3 Kg6 54. Qd5 Kf6 55. Kf4 Kg6 56. Qe5 Kh6 57. Qg5+ Kh7 58. Kf5 Kh8 59. Kf6 Kh7 60. Qg7# 1-0

[Event "URU-ch (Women)"]
[Site "Punta del Este"]
[Date "2020.03.08"]
[Round "6"]
[White "De Leon, Daiana"]
[Black "Cardozo, Camila"]
[Result "1-0"]
[WhiteElo "1616"]
[BlackElo "1647"]
[PlyCount "135"]
[EventDate "2020.03.06"]
[EventType "tourn"]
[EventRounds "7"]
[EventCountry "URU"]
[SourceTitle "CBM 195 Extra"]
[Source "ChessBase"]
[SourceDate "2020.05.31"]
[SourceVersion "1"]
[SourceVersionDate "2020.05.31"]
[SourceQuality "1"]

1. d4 d5 2. c4 e6 3. Nf3 Nf6 4. g3 Be7 5. Bg2 0-0 6. 0-0 dxc4 7. Ne5 c5 8. dxc5 Qc7 9. Nxc4 Rd8 10. Qb3 Nc6 11. Be3 Nd4 12. Bxd4 Rxd4 13. Ne3 Qxc5 14. Nc3 Rb4 15. Qc2 Bd7 16. a3 Rb6 17. Rac1 Rc8 18. Rfd1 Qa5 19. Qd2 Rd6 20. Qc2 b5 21. Qb1 Qb6 22. Ne4 Rxc1 23. Qxc1 Nxe4 24. Bxe4 Bg5 25. Rxd6 Qxd6 26. Qc3 Bf6 27. Qa5 Qd4 28. Bd3 Qxb2 29. Qxa7 Qc1+ 30. Kg2 Qc6+ 31. f3 g6 32. Nc2 e5 33. Qb8+ Kg7 34. Nb4 Qe6 35. Bxb5 Qh3+ 36. Kg1 Bxb5 37. Qxb5 e4 38. Qd5 exf3 39. Qxf3 Qd7 40. Qd3 Qa7+ 41. Kg2 Qb7+ 42. Qf3 Qb5 43. Nd5 Bb2 44. Nc7 Qc5 45. Ne6+ fxe6 46. Qb7+ Kg8 47. Qxb2 Qd5+ 48. Kg1 Qc5+ 49. Kf1 Qf5+ 50. Ke1 Qa5+ 51. Qb4 Qd5 52. e4 Qe5 53. Ke2 Qh5+ 54. Kd3 Qd1+ 55. Kc4 Qc1+ 56. Kd4 Qa1+ 57. Qc3 Qd1+ 58. Ke5 Qd7 59. Qb4 Kf7 60. a4 Qc7+ 61. Qd6 Qa5+ 62. Kf4 Qxa4 63. Qc7+ Kf6 64. Qe5+ Ke7 65. Qg7+ Kd6 66. Qxh7 e5+ 67. Kf3 Qb3+ 68. Kg4 1-0

[Event "URU-ch (Women)"]
[Site "Punta del Este"]
[Date "2020.03.07"]
[Round "4"]
[White "De Leon, Daiana"]
[Black "Silva Rosas, Natalia"]
[Result "1/2-1/2"]
[WhiteElo "1616"]
[BlackElo "1753"]
[PlyCount "26"]
[EventDate "2020.03.06"]
[EventType "tourn"]
[EventRounds "7"]
[EventCountry "URU"]
[SourceTitle "CBM 195 Extra"]
[Source "ChessBase"]
[SourceDate "2020.05.31"]
[SourceVersion "1"]
[SourceVersionDate "2020.05.31"]
[SourceQuality "1"]

1. d4 f5 2. c4 Nf6 3. Nc3 g6 4. g3 Bg7 5. Bg2 0-0 6. Nf3 d6 7. 0-0 Qe8 8. Re1 e5 9. e4 f4 10. gxf4 exf4 11. e5 dxe5 12. Nxe5 Qd8 13. Qb3 c5 1/2-1/2

[Event "San Salvador op"]
[Site "San Salvador"]
[Date "2019.06.22"]
[Round "3"]
[White "Hakanson, Raul"]
[Black "De Leon, Daiana"]
[Result "1/2-1/2"]
[WhiteElo "1203"]
[BlackElo "1625"]
[PlyCount "113"]
[EventDate "2019.06.21"]
[EventType "swiss"]
[EventRounds "6"]
[EventCountry "ARG"]
[SourceTitle "CBM 191 Extra"]
[Source "ChessBase"]
[SourceDate "2019.09.30"]
[SourceVersion "1"]
[SourceVersionDate "2019.09.30"]
[SourceQuality "1"]

1. e4 c6 2. Nf3 d5 3. exd5 cxd5 4. Nc3 Nf6 5. d4 Nc6 6. Bf4 Bg4 7. Be2 e6 8. 0-0 Be7 9. Ne5 Bxe2 10. Nxe2 Rc8 11. Qd3 a6 12. Nxc6 Rxc6 13. b3 Qc8 14. Rfc1 Ba3 15. Rd1 Rxc2 16. Rd2 Rc6 17. Rb1 Be7 18. Rdd1 Bd6 19. Bxd6 Rxd6 20. Rbc1 Qd7 21. Qc3 0-0 22. Qa5 Rc8 23. Rc3 Ne4 24. Rxc8+ Qxc8 25. Rc1 Rc6 26. Rxc6 bxc6 27. f3 Nd6 28. Nf4 Nb5 29. Qb6 g6 30. Nd3 f6 31. Nb4 Kf7 32. Nxc6 Nc7 33. Qc5 Qd7 34. g4 h6 35. h4 g5 36. Kg2 Ne8 37. Nb8 Qb7 38. Nc6 gxh4 39. Kh3 Kg7 40. Qa7 Qxa7 41. Nxa7 Nc7 42. Kxh4 Kg6 43. Nc6 Nb5 44. f4 Na3 45. Nd8 f5 46. Nxe6 Nc2 47. Nc7 Nxd4 48. Nxd5 fxg4 49. Kxg4 h5+ 50. Kg3 Kf5 51. Ne3+ Ke4 52. Ng2 Nf5+ 53. Kh3 Kf3 54. Nh4+ Nxh4 55. Kxh4 Kxf4 56. b4 Ke4 57. a4 1/2-1/2

[Event "San Salvador op"]
[Site "San Salvador"]
[Date "2019.06.21"]
[Round "2"]
[White "De Leon, Daiana"]
[Black "Gonzalez, Alejandro1111"]
[Result "0-1"]
[WhiteElo "1625"]
[BlackElo "1474"]
[PlyCount "94"]
[EventDate "2019.06.21"]
[EventType "swiss"]
[EventRounds "6"]
[EventCountry "ARG"]
[SourceTitle "CBM 191 Extra"]
[Source "ChessBase"]
[SourceDate "2019.09.30"]
[SourceVersion "1"]
[SourceVersionDate "2019.09.30"]
[SourceQuality "1"]

1. d4 Nf6 2. Nf3 g6 3. c4 Bg7 4. Nc3 d6 5. g3 0-0 6. Bg2 c6 7. 0-0 Nbd7 8. Qc2 e5 9. Rd1 Qc7 10. d5 a6 11. dxc6 bxc6 12. b3 Re8 13. Be3 Nc5 14. Bxc5 dxc5 15. Qd2 Bf8 16. Qg5 Bg7 17. Qe3 e4 18. Ne1 Ng4 19. Qc1 e3 20. Nd3 exf2+ 21. Nxf2 Bh6 22. Qb2 Be3 23. Rf1 Bf5 24. Ncd1 Bd4 25. Qc1 Rxe2 26. Bf3 Rc2 27. Qa3 Ne5 28. Kg2 Bxa1 29. Ne3 Bb2 30. Qxc5 Rd2 31. Nd5 Rxd5 32. cxd5 Nxf3 33. Kxf3 Rb8 34. Re1 Bf6 35. dxc6 Rc8 36. g4 Be6 37. Rc1 Be7 38. Qd4 Rd8 39. Qf4 Bd6 40. Qf6 Bd5+ 41. Ke2 Re8+ 42. Kf1 Bxc6 43. a4 Bb5+ 44. axb5 Qxc1+ 45. Kg2 Qc7 46. bxa6 Bxh2 47. a7 Qg3+ 0-1

[Event "URU-ch (Women)"]
[Site "Punta del Este"]
[Date "2019.03.30"]
[Round "4"]
[White "Podesta, Sofia"]
[Black "De Leon, Daiana"]
[Result "0-1"]
[WhiteElo "1383"]
[BlackElo "1625"]
[PlyCount "44"]
[EventDate "2019.03.29"]
[EventType "swiss"]
[EventRounds "6"]
[EventCountry "URU"]
[SourceTitle "EXT 2021"]
[Source "ChessBase"]
[SourceDate "2020.10.23"]
[SourceVersion "1"]
[SourceVersionDate "2020.10.23"]
[SourceQuality "1"]

1. Nf3 Nf6 2. d4 d5 3. e3 e6 4. Bd3 c5 5. c3 Nc6 6. Nbd2 Qc7 7. 0-0 Be7 8. Qe2 cxd4 9. exd4 0-0 10. Re1 Bd6 11. Ne5 a6 12. Ndf3 b5 13. a3 Bb7 14. Bg5 Ne4 15. Nxc6 Bxc6 16. h3 Rab8 17. Bd2 a5 18. Ng5 Nf6 19. Bc2 b4 20. axb4 axb4 21. c4 dxc4 22. Qxc4 Bh2+ 0-1

[Event "URU-ch (Women)"]
[Site "Punta del Este"]
[Date "2019.03.29"]
[Round "2"]
[White "Silva Rosas, Natalia"]
[Black "De Leon, Daiana"]
[Result "1-0"]
[WhiteElo "1809"]
[BlackElo "1625"]
[PlyCount "57"]
[EventDate "2019.03.29"]
[EventType "swiss"]
[EventRounds "6"]
[EventCountry "URU"]
[SourceTitle "EXT 2021"]
[Source "ChessBase"]
[SourceDate "2020.10.23"]
[SourceVersion "1"]
[SourceVersionDate "2020.10.23"]
[SourceQuality "1"]

1. e4 c6 2. d3 d5 3. Nd2 g6 4. g3 Bg7 5. Bg2 dxe4 6. dxe4 Nf6 7. Ngf3 0-0 8. 0-0 Nbd7 9. Re1 Ng4 10. Nc4 Qc7 11. h3 Nge5 12. Bf4 Nxf3+ 13. Qxf3 e5 14. Bd2 f5 15. exf5 Rxf5 16. Qe2 Rf8 17. Bc3 Re8 18. a4 Rb8 19. h4 b5 20. axb5 cxb5 21. Na5 b4 22. Bd2 Qxc2 23. Be4 Qxb2 24. Nc6 Rb6 25. Reb1 Qxb1+ 26. Rxb1 Nf6 27. Bg2 a5 28. Be3 Ba6 29. Qa2+ 1-0

[Event "Posadas Realidades 2nd"]
[Site "Posadas"]
[Date "2018.07.21"]
[Round "2.5"]
[White "De Leon, Daiana"]
[Black "Vega, Jose"]
[Result "0-1"]
[WhiteElo "1661"]
[BlackElo "1879"]
[PlyCount "56"]
[EventDate "2018.07.20"]
[EventType "swiss"]
[EventRounds "5"]
[EventCountry "ARG"]
[SourceTitle "EXT 2024"]
[Source "ChessBase"]
[SourceDate "2023.10.10"]
[SourceVersion "1"]
[SourceVersionDate "2023.10.10"]
[SourceQuality "1"]

1. d4 Nf6 2. c4 c5 3. d5 b5 4. cxb5 a6 5. Nc3 g6 6. Nf3 d6 7. g3 Bg7 8. Bg2 0-0 9. 0-0 axb5 10. Nxb5 Ba6 11. Nc3 Nbd7 12. Bg5 h6 13. Bf4 Qb6 14. Qd2 g5 15. Nxg5 hxg5 16. Bxg5 Ne5 17. b3 Qb4 18. Qc2 Qg4 19. h4 Ra7 20. Qd2 Nh7 21. Bh6 Bxh6 22. Qxh6 Bxe2 23. Be4 f5 24. Qe6+ Kg7 25. Nxe2 Qxe4 26. Nf4 Nf6 27. Nh3 Nxd5 28. Ng5 Nf3+ 0-1

[Event "URU-ch (Women)"]
[Site "Punta del Este"]
[Date "2018.03.04"]
[Round "5"]
[White "Larrea, Daniela"]
[Black "De Leon, Daiana"]
[Result "1/2-1/2"]
[WhiteElo "1769"]
[BlackElo "1660"]
[PlyCount "110"]
[EventDate "2018.03.02"]
[EventType "swiss"]
[EventRounds "6"]
[EventCountry "URU"]
[SourceTitle "EXT 2021"]
[Source "ChessBase"]
[SourceDate "2020.10.23"]
[SourceVersion "1"]
[SourceVersionDate "2020.10.23"]
[SourceQuality "1"]

1. d4 Nf6 2. c4 e6 3. Nf3 d5 4. g3 Be7 5. Bg2 0-0 6. 0-0 Nbd7 7. Nc3 dxc4 8. Qc2 c5 9. dxc5 Bxc5 10. Na4 b5 11. Nxc5 Nxc5 12. Nd4 Bb7 13. Bxb7 Nxb7 14. Nxb5 Qc8 15. Na3 Qc6 16. Qxc4 Rac8 17. Qxc6 Rxc6 18. Be3 a6 19. Rac1 Rfc8 20. Rxc6 Rxc6 21. Rc1 Rxc1+ 22. Bxc1 Nd5 23. Nc4 Nc5 24. Bd2 f6 25. f3 Kf7 26. e4 Nc7 27. Kf2 Nb5 28. Ke3 e5 29. Bb4 Ne6 30. Nd6+ Nxd6 31. Bxd6 Ke8 32. f4 exf4+ 33. gxf4 Kd7 34. Bb4 Nc7 35. Bc3 Ke6 36. Kd4 f5 37. Ke3 g6 38. e5 Nd5+ 39. Kf3 Nb6 40. b3 Nd5 41. Bd2 Nc7 42. a4 Kd5 43. Be3 Ne6 44. h4 h6 45. Ke2 Ke4 46. Kd2 g5 47. hxg5 hxg5 48. fxg5 f4 49. Ba7 Nxg5 50. Ke1 Kd3 51. b4 Kc4 52. b5 axb5 53. axb5 Kxb5 54. Bb8 Kc5 55. e6 Nxe6 1/2-1/2

[Event "Montevideo Duchamp Cup 2nd"]
[Site "Montevideo"]
[Date "2018.02.06"]
[Round "7"]
[White "De Leon, Daiana"]
[Black "Gimenez, Dante"]
[Result "0-1"]
[WhiteElo "1651"]
[BlackElo "1986"]
[PlyCount "88"]
[EventDate "2018.02.02"]
[EventType "swiss"]
[EventRounds "9"]
[EventCountry "URU"]
[SourceTitle "CBM 182 Extra"]
[Source "ChessBase"]
[SourceDate "2018.02.23"]
[SourceVersion "1"]
[SourceVersionDate "2018.02.23"]
[SourceQuality "1"]

1. d4 Nf6 2. c4 e6 3. Nf3 b6 4. g3 Bb7 5. Bg2 d5 6. 0-0 dxc4 7. Nc3 Be7 8. Bf4 0-0 9. Qc2 Nc6 10. Rfd1 Nb4 11. Qd2 Ne4 12. Nxe4 Bxe4 13. a3 Nd5 14. Rac1 b5 15. Ne5 Bxg2 16. Kxg2 Nxf4+ 17. Qxf4 Bg5 18. Qe4 Bxc1 19. Rxc1 Qd5 20. Qxd5 exd5 21. Nc6 Rfe8 22. e3 a5 23. Ne5 c5 24. Kf1 cxd4 25. exd4 f6 26. Nf3 Re4 27. Rd1 b4 28. a4 Kf7 29. Rd2 Ke6 30. Ne1 Kd6 31. Nc2 g6 32. Ne3 Rc8 33. Nc2 c3 34. bxc3 Rxc3 35. Kg2 Rxc2 36. Rxc2 Rxd4 37. Kf3 b3 38. Rb2 Rb4 39. Ke3 Kc5 40. Kd3 h5 41. Kc3 Rc4+ 42. Kxb3 Rb4+ 43. Kc3 Rxb2 44. Kxb2 Kb4 0-1

[Event "Montevideo Duchamp Cup 2nd"]
[Site "Montevideo"]
[Date "2018.02.04"]
[Round "4"]
[White "Dotta, Gian Franco"]
[Black "De Leon, Daiana"]
[Result "1-0"]
[WhiteElo "1886"]
[BlackElo "1651"]
[PlyCount "73"]
[EventDate "2018.02.02"]
[EventType "swiss"]
[EventRounds "9"]
[EventCountry "URU"]
[SourceTitle "CBM 182 Extra"]
[Source "ChessBase"]
[SourceDate "2018.02.23"]
[SourceVersion "1"]
[SourceVersionDate "2018.02.23"]
[SourceQuality "1"]

1. e4 c6 2. d4 d5 3. e5 c5 4. dxc5 Nc6 5. Nf3 Bg4 6. Bf4 e6 7. Nbd2 Bxc5 8. Nb3 Bb6 9. Bd3 Nge7 10. 0-0 Ng6 11. Bxg6 hxg6 12. c3 Qe7 13. Qd3 0-0-0 14. Nbd4 Rh5 15. Rfe1 Bf5 16. Nxf5 gxf5 17. Qd2 Rg8 18. h4 f6 19. g3 g5 20. exf6 Qxf6 21. Bxg5 Qg6 22. Re2 Rh7 23. Rae1 Re7 24. Ne5 Nxe5 25. Rxe5 Ree8 26. R5e2 Rgf8 27. Bf4 Rg8 28. c4 d4 29. c5 Bc7 30. Bxc7 Kxc7 31. Qxd4 Kc8 32. c6 Qg7 33. cxb7+ Qxb7 34. Qd6 Qd7 35. Rc2+ Kd8 36. Qb4 Rg4 37. Qa5+ 1-0

[Event "Villaguay Entre Rios Cup"]
[Site "Villaguay"]
[Date "2017.12.16"]
[Round "3"]
[White "De Leon, Daiana"]
[Black "Candarle, Daniel"]
[Result "1/2-1/2"]
[WhiteElo "1692"]
[BlackElo "1641"]
[PlyCount "68"]
[EventDate "2017.12.15"]
[EventType "swiss"]
[EventRounds "6"]
[EventCountry "ARG"]
[SourceTitle "CBM 182 Extra"]
[Source "ChessBase"]
[SourceDate "2018.02.23"]
[SourceVersion "1"]
[SourceVersionDate "2018.02.23"]
[SourceQuality "1"]

1. d4 d5 2. c4 c6 3. g3 Nf6 4. Bg2 g6 5. Nf3 Bg7 6. 0-0 0-0 7. Qb3 Qb6 8. Bf4 dxc4 9. Qxb6 axb6 10. Rc1 Nd5 11. Rxc4 Nxf4 12. gxf4 Be6 13. Rb4 b5 14. Nc3 Na6 15. Rb3 Bxb3 16. axb3 Nc7 17. Rc1 e6 18. Ne5 Bxe5 19. fxe5 Nd5 20. Bxd5 exd5 21. f4 f6 22. e3 fxe5 23. fxe5 Rf3 24. Re1 Raf8 25. Nd1 R8f5 26. b4 Rg5+ 27. Kh1 Rgf5 28. Kg2 Kf7 29. h4 h6 30. Rh1 Ke6 31. Re1 Rf8 32. Re2 Rf1 33. Nf2 Rb1 34. Nd3 b6 1/2-1/2

[Event "Villaguay Entre Rios Cup"]
[Site "Villaguay"]
[Date "2017.12.16"]
[Round "4"]
[White "Gonzalez, Rodolfo"]
[Black "De Leon, Daiana"]
[Result "1-0"]
[WhiteElo "1688"]
[BlackElo "1692"]
[PlyCount "65"]
[EventDate "2017.12.15"]
[EventType "swiss"]
[EventRounds "6"]
[EventCountry "ARG"]
[SourceTitle "CBM 182 Extra"]
[Source "ChessBase"]
[SourceDate "2018.02.23"]
[SourceVersion "1"]
[SourceVersionDate "2018.02.23"]
[SourceQuality "1"]

1. e4 c6 2. d4 d5 3. Nc3 e6 4. Bd3 dxe4 5. Nxe4 Nf6 6. Nxf6+ Qxf6 7. Nf3 h6 8. Be3 Bd6 9. Qd2 Nd7 10. c3 b6 11. 0-0 Bb7 12. Qc2 0-0 13. Nd2 Qe7 14. f4 Nf6 15. Nf3 c5 16. Rae1 Rac8 17. Ne5 Nd5 18. Qe2 Nxe3 19. Qxe3 Rfd8 20. Kh1 cxd4 21. cxd4 Bb4 22. Rd1 Qe8 23. a3 Be7 24. Qh3 Rd6 25. f5 exf5 26. Qxf5 Bf6 27. Qh7+ Kf8 28. Rde1 Bxe5 29. Rxe5 Re6 30. Qh8+ Ke7 31. Rxe6+ fxe6 32. Qxg7+ Kd8 33. Qxb7 1-0

[Event "Villaguay Entre Rios Cup"]
[Site "Villaguay"]
[Date "2017.12.15"]
[Round "1"]
[White "De Leon, Daiana"]
[Black "Zalisnak, Jacobo"]
[Result "0-1"]
[WhiteElo "1692"]
[BlackElo "2085"]
[PlyCount "54"]
[EventDate "2017.12.15"]
[EventType "swiss"]
[EventRounds "6"]
[EventCountry "ARG"]
[SourceTitle "CBM 182 Extra"]
[Source "ChessBase"]
[SourceDate "2018.02.23"]
[SourceVersion "1"]
[SourceVersionDate "2018.02.23"]
[SourceQuality "1"]

1. d4 e6 2. c4 Nf6 3. g3 Be7 4. Bg2 0-0 5. Nf3 d6 6. Nc3 a5 7. 0-0 Nbd7 8. Qb3 c6 9. Bf4 Nh5 10. Rfd1 Qc7 11. d5 e5 12. Be3 c5 13. Nb5 Qd8 14. Qc2 f5 15. Bd2 g5 16. e4 g4 17. Ne1 f4 18. f3 fxg3 19. fxg4 gxh2+ 20. Kxh2 Nf4 21. Nd3 Nf6 22. g5 Ng4+ 23. Kg1 Ne2+ 24. Kh1 Bxg5 25. Bxg5 Ng3+ 26. Kg1 Qxg5 27. Qd2 Qh4 0-1

[Event "URU-chT Provinces"]
[Site "Montevideo"]
[Date "2017.08.27"]
[Round "5.4"]
[White "Vazquez, Facundo"]
[Black "De Leon, Daiana"]
[Result "1-0"]
[WhiteElo "1865"]
[BlackElo "1725"]
[PlyCount "57"]
[EventDate "2017.08.25"]
[EventType "team-swiss"]
[EventRounds "5"]
[EventCountry "URU"]
[SourceTitle "EXT 2019"]
[Source "ChessBase"]
[SourceDate "2018.10.10"]
[SourceVersion "1"]
[SourceVersionDate "2018.10.10"]
[SourceQuality "1"]
[WhiteTeam "Montevideo II"]
[BlackTeam "Montevideo VIII"]
[WhiteTeamCountry "URU"]
[BlackTeamCountry "URU"]

1. d4 Nf6 2. c4 d5 3. Nc3 e6 4. Bg5 Nbd7 5. Nf3 Be7 6. e3 0-0 7. cxd5 Nxd5 8. Bxe7 Qxe7 9. Be2 c5 10. 0-0 Rd8 11. Qb3 N7f6 12. Rfe1 b6 13. Ne5 Bb7 14. Bf3 cxd4 15. Nxd5 Bxd5 16. Bxd5 Rxd5 17. exd4 Qd6 18. Nf3 Rd8 19. Rac1 Qb8 20. Qc3 R5d6 21. Ne5 Nd5 22. Qf3 Qb7 23. Re2 f6 24. Nd3 Rc8 25. Rce1 Qd7 26. h3 Rdc6 27. Qg4 Qf7 28. Qf3 Nc7 29. Ne5 1-0